[Event "Latvian Teams Chess Championship Higher League 2019"]
[Site "Riga Chess School, 10 Pernavas Street, Riga, Latvia"]
[Date "2019.06.08"]
[Round "4.9"]
[White "Alainis, Artis"]
[Black "Klimakovs, Sergejs"]
[Result "0-1"]
[TimeControl "Standard: 90 minutes with 30 second increment from move 1"]
[BlackTitle "FM"]
[WhiteFideId "11609095"]
[BlackFideId "11602066"]
[WhiteElo "1768"]
[BlackElo "2308"]

1. e4 {[%clk 01:30:37]} {[%emt 00:00:22]} c5 {[%clk 01:29:42]} {[%emt
00:01:20]} 2. Nf3 {[%clk 01:30:47]} {[%emt 00:00:20]} a6 {[%clk 01:30:05]}
{[%emt 00:00:08]} 3. d4 {[%clk 01:29:34]} {[%emt 00:01:41]} cxd4 {[%clk
01:30:30]} {[%emt 00:00:06]} 4. Nxd4 {[%clk 01:29:57]} {[%emt 00:00:06]} Nf6
{[%clk 01:30:55]} {[%emt 00:00:04]} 5. Nc3 {[%clk 01:29:10]} {[%emt 00:01:17]}
e5 {[%clk 01:26:01]} {[%emt 00:05:24]} 6. Nf3 {[%clk 01:26:31]} {[%emt
00:03:09]} d6 {[%clk 01:16:04]} {[%emt 00:13:11]} 7. a4 {[%clk 01:17:08]}
{[%emt 00:09:53]} Qc7 {[%clk 01:12:07]} {[%emt 00:04:28]} 8. h3 {[%clk
01:14:14]} {[%emt 00:03:23]} Be7 {[%clk 01:10:46]} {[%emt 00:01:50]} 9. Bd3
{[%clk 01:11:48]} {[%emt 00:02:56]} Nbd7 {[%clk 01:06:55]} {[%emt 00:04:21]} 10.
Qe2 {[%clk 01:11:27]} {[%emt 00:00:51]} b6 {[%clk 01:04:19]} {[%emt 00:03:06]}
11. Be3 {[%clk 01:02:36]} {[%emt 00:09:21]} Bb7 {[%clk 01:03:54]} {[%emt
00:00:55]} 12. O-O {[%clk 01:01:53]} {[%emt 00:01:12]} O-O {[%clk 00:58:45]}
{[%emt 00:05:39]} 13. Nh4 {[%clk 00:51:05]} {[%emt 00:11:19]} Rfe8 {[%clk
00:53:07]} {[%emt 00:06:08]} 14. Nf5 {[%clk 00:45:53]} {[%emt 00:05:42]} Bf8
{[%clk 00:51:45]} {[%emt 00:01:51]} 15. Rfd1 {[%clk 00:44:30]} {[%emt
00:01:53]} h6 {[%clk 00:40:31]} {[%emt 00:11:45]} 16. Ng3 {[%clk 00:40:22]}
{[%emt 00:04:38]} Nc5 {[%clk 00:33:53]} {[%emt 00:07:07]} 17. Bc4 {[%clk
00:36:45]} {[%emt 00:04:08]} Ncxe4 {[%clk 00:23:56]} {[%emt 00:10:26]} 18.
Ngxe4 {[%clk 00:36:01]} {[%emt 00:01:15]} Nxe4 {[%clk 00:22:54]} {[%emt
00:01:32]} 19. Nd5 {[%clk 00:34:47]} {[%emt 00:01:44]} Qc6 {[%clk 00:18:47]}
{[%emt 00:04:36]} 20. Bxb6 {[%clk 00:32:39]} {[%emt 00:02:35]} Ng5 {[%clk
00:13:26]} {[%emt 00:05:55]} 21. a5 {[%clk 00:30:32]} {[%emt 00:02:36]} Ne6
{[%clk 00:11:57]} {[%emt 00:01:59]} 22. Qg4 {[%clk 00:20:50]} {[%emt 00:10:12]}
Kh8 {[%clk 00:06:31]} {[%emt 00:05:57]} 23. Bb3 {[%clk 00:17:56]} {[%emt
00:03:23]} Rec8 {[%clk 00:01:54]} {[%emt 00:05:07]} 24. Ne3 {[%clk 00:12:32]}
{[%emt 00:05:54]} Qd7 {[%clk 00:01:02]} {[%emt 00:01:23]} 25. Qf5 {[%clk
00:07:56]} {[%emt 00:05:05]} Qe7 {[%clk 00:00:37]} {[%emt 00:00:56]} 26. Ba4
{[%clk 00:05:36]} {[%emt 00:02:49]} g6 {[%clk 00:00:44]} {[%emt 00:00:24]} 27.
Qg4 {[%clk 00:05:37]} {[%emt 00:00:28]} Nf4 {[%clk 00:00:52]} {[%emt 00:00:23]}
28. Rd2 {[%clk 00:02:25]} {[%emt 00:03:42]} f5 {[%clk 00:01:05]} {[%emt
00:00:17]} 29. Qg3 {[%clk 00:02:12]} {[%emt 00:00:42]} d5 {[%clk 00:01:03]}
{[%emt 00:00:32]} 30. Bb3 {[%clk 00:02:04]} {[%emt 00:00:39]} Rd8 {[%clk
00:00:38]} {[%emt 00:00:55]} 31. Bxd8 {[%clk 00:01:48]} {[%emt 00:00:47]} Rxd8
{[%clk 00:01:08]} 32. Ra4 {[%clk 00:01:58]} {[%emt 00:00:19]} Nh5 {[%clk
00:00:45]} {[%emt 00:00:53]} 33. Qxg6 {[%clk 00:02:08]} {[%emt 00:00:20]} Nf4
{[%clk 00:00:43]} {[%emt 00:00:33]} 34. Qxf5 {[%clk 00:01:25]} {[%emt
00:01:12]} Bc8 {[%clk 00:00:51]} {[%emt 00:00:22]} 35. Rxf4 {[%clk 00:00:35]}
{[%emt 00:01:19]} Bxf5 {[%clk 00:01:16]} {[%emt 00:00:06]} 36. Rxf5 {[%clk
00:01:02]} {[%emt 00:00:03]} d4 {[%clk 00:01:07]} {[%emt 00:00:38]} 37. Ng4
{[%clk 00:01:21]} {[%emt 00:00:12]} Bg7 {[%clk 00:01:25]} {[%emt 00:00:12]} 38.
Re2 {[%clk 00:01:19]} {[%emt 00:00:32]} e4 {[%clk 00:01:05]} {[%emt 00:00:50]}
39. Rf7 {[%clk 00:01:41]} {[%emt 00:00:08]} Qe8 {[%clk 00:01:08]} {[%emt
00:00:27]} 40. Rf4 {[%clk 00:01:17]} {[%emt 00:00:53]} Qb5 {[%clk 00:01:01]}
{[%emt 00:00:36]} 41. Rexe4 {[%clk 00:01:01]} {[%emt 00:00:48]} d3 {[%clk
00:01:15]} {[%emt 00:00:16]} 42. Bc4 {[%clk 00:01:09]} {[%emt 00:00:22]} dxc2
{[%clk 00:01:05]} {[%emt 00:00:40]} 43. Bxb5 {[%clk 00:00:47]} {[%emt
00:00:52]} c1=Q+ {[%emt 00:00:13]} 44. Bf1 {[%clk 00:01:10]} {[%emt 00:00:04]}
Qxb2 {[%clk 00:00:34]} {[%emt 00:01:21]} 45. Rf7 {[%clk 00:01:00]} {[%emt
00:00:39]} Qa1 {[%clk 00:00:43]} {[%emt 00:00:22]} 46. Ree7 {[%clk 00:01:00]}
{[%emt 00:00:29]} Rd1 {[%clk 00:01:06]} {[%emt 00:00:07]} 47. Ne3 {[%clk
00:00:40]} {[%emt 00:00:51]} Rd8 {[%clk 00:00:36]} {[%emt 00:00:59]} 48. Nf5
{[%clk 00:00:37]} {[%emt 00:00:34]} Bf8 {[%clk 00:00:44]} {[%emt 00:00:23]} 49.
Ra7 {[%clk 00:00:34]} {[%emt 00:00:31]} Kg8 {[%clk 00:00:46]} {[%emt 00:00:29]}
50. Ne3 {[%clk 00:00:34]} {[%emt 00:00:30]} Bc5 {[%emt 00:00:02]} 51. Ng4
{[%clk 00:00:43]} {[%emt 00:00:20]} Bxa7 {[%clk 00:01:28]} {[%emt 00:00:17]} 52.
Nxh6+ {[%clk 00:00:54]} {[%emt 00:00:19]} Kh8 {[%clk 00:01:55]} {[%emt
00:00:02]} 53. Rxa7 {[%clk 00:01:09]} {[%emt 00:00:16]} Rd1 {[%clk 00:02:14]}
{[%emt 00:00:11]} 54. Nf7+ {[%clk 00:01:16]} {[%emt 00:00:22]} Kg8 {[%clk
00:02:36]} {[%emt 00:00:09]} 55. Nh6+ {[%clk 00:00:59]} {[%emt 00:00:47]} Kf8
{[%clk 00:03:01]} {[%emt 00:00:05]} 56. Ng4 {[%clk 00:01:25]} {[%emt 00:00:04]}
Rxf1+ {[%clk 00:03:26]} {[%emt 00:00:05]} 0-1

[Event "Latvian Teams Chess Championship Higher League 2019"]
[Site "Riga Chess School, 10 Pernavas Street, Riga, Latvia"]
[Date "2019.06.08"]
[Round "4.10"]
[White "Chernyak, Viktoria"]
[Black "Golsta, Madara"]
[Result "1/2-1/2"]
[TimeControl "Standard: 90 minutes with 30 second increment from move 1"]
[WhiteTitle "WFM"]
[WhiteFideId "24165956"]
[BlackFideId "11607386"]
[WhiteElo "2253"]
[BlackElo "1912"]

1. Nf3 {[%clk 01:30:59]} c5 {[%clk 01:30:30]} {[%emt 00:00:30]} 2. g3 {[%clk
01:30:16]} {[%emt 00:01:14]} g6 {[%clk 01:29:58]} {[%emt 00:01:01]} 3. Bg2
{[%clk 01:29:15]} {[%emt 00:01:31]} Bg7 {[%clk 01:29:48]} {[%emt 00:00:40]} 4.
O-O {[%clk 01:27:14]} {[%emt 00:02:32]} Nc6 {[%clk 01:27:55]} {[%emt 00:02:23]}
5. c4 {[%clk 01:26:41]} {[%emt 00:01:02]} e6 {[%clk 01:21:25]} {[%emt
00:07:00]} 6. Nc3 {[%clk 01:26:27]} {[%emt 00:00:44]} Nge7 {[%clk 01:20:20]}
{[%emt 00:04:18]} 7. d3 {[%clk 01:24:15]} {[%emt 00:02:42]} O-O {[%clk
01:18:35]} {[%emt 00:02:14]} 8. Bd2 {[%clk 01:23:23]} {[%emt 00:01:22]} d5
{[%clk 01:15:50]} {[%emt 00:03:16]} 9. Qc1 {[%clk 01:11:53]} {[%emt 00:12:00]}
b6 {[%clk 01:07:44]} {[%emt 00:08:35]} 10. cxd5 {[%clk 01:09:42]} {[%emt
00:02:42]} exd5 {[%clk 01:00:17]} {[%emt 00:07:57]} 11. Bh6 {[%clk 01:08:33]}
{[%emt 00:01:39]} Bb7 {[%clk 00:47:41]} {[%emt 00:13:05]} 12. h4 {[%clk
01:06:34]} {[%emt 00:02:29]} d4 {[%clk 00:42:02]} {[%emt 00:06:09]} 13. Ne4
{[%clk 01:05:01]} {[%emt 00:02:02]} Nd5 {[%clk 00:40:28]} {[%emt 00:02:05]} 14.
Re1 {[%clk 00:46:15]} {[%emt 00:19:16]} Qd7 {[%clk 00:29:29]} {[%emt 00:11:29]}
15. a3 {[%emt 00:04:38]} Rae8 {[%clk 00:23:02]} {[%emt 00:06:56]} 16. Bf4
{[%clk 00:31:52]} {[%emt 00:10:45]} Nxf4 {[%clk 00:19:37]} {[%emt 00:03:56]} 17.
Qxf4 {[%clk 00:32:03]} {[%emt 00:00:18]} Ne5 {[%clk 00:14:19]} {[%emt
00:05:49]} 18. Nf6+ {[%clk 00:16:11]} {[%emt 00:16:22]} Bxf6 {[%clk 00:14:33]}
{[%emt 00:00:16]} 19. Qxf6 {[%clk 00:16:38]} {[%emt 00:00:04]} Bxf3 {[%clk
00:13:13]} {[%emt 00:01:49]} 20. Bxf3 {[%clk 00:16:58]} {[%emt 00:00:10]} Re6
{[%clk 00:12:21]} {[%emt 00:01:22]} 21. Qf4 {[%clk 00:14:26]} {[%emt 00:03:01]}
Rfe8 {[%clk 00:11:05]} {[%emt 00:01:47]} 22. Qd2 {[%clk 00:06:57]} {[%emt
00:07:58]} Nxf3+ {[%clk 00:09:21]} {[%emt 00:02:14]} 23. exf3 {[%clk 00:07:07]}
{[%emt 00:00:20]} Rxe1+ {[%clk 00:05:06]} {[%emt 00:04:46]} 24. Rxe1 {[%clk
00:07:36]} {[%emt 00:00:02]} Rxe1+ {[%clk 00:05:34]} {[%emt 00:00:01]} 25. Qxe1
{[%clk 00:07:59]} {[%emt 00:00:07]} Qd5 {[%clk 00:05:14]} {[%emt 00:00:51]} 26.
Kg2 {[%clk 00:07:03]} {[%emt 00:01:25]} a6 {[%clk 00:03:24]} {[%emt 00:02:19]}
27. Qe8+ {[%clk 00:06:03]} {[%emt 00:01:30]} Kg7 {[%clk 00:03:53]} {[%emt
00:00:01]} 28. Qa4 {[%clk 00:05:40]} {[%emt 00:00:53]} Qb7 {[%clk 00:02:41]}
{[%emt 00:01:43]} 29. Qe8 {[%clk 00:05:29]} {[%emt 00:00:41]} Qd5 {[%clk
00:02:27]} {[%emt 00:00:43]} 30. Qa4 {[%clk 00:05:32]} {[%emt 00:00:28]} b5
{[%clk 00:01:43]} {[%emt 00:01:14]} 31. Qxa6 {[%clk 00:05:23]} {[%emt
00:00:38]} c4 {[%clk 00:02:13]} {[%emt 00:00:01]} 32. Qa5 {[%clk 00:03:34]}
{[%emt 00:02:19]} cxd3 {[%clk 00:02:31]} {[%emt 00:00:12]} 33. Qd2 {[%clk
00:03:23]} {[%emt 00:00:41]} Qc4 {[%clk 00:02:37]} {[%emt 00:00:24]} 34. h5
{[%clk 00:03:02]} {[%emt 00:00:50]} gxh5 {[%clk 00:01:03]} {[%emt 00:02:04]} 35.
Qg5+ {[%clk 00:03:28]} {[%emt 00:00:05]} Kf8 {[%clk 00:01:31]} {[%emt
00:00:01]} 36. Qd8+ {[%clk 00:03:21]} {[%emt 00:00:37]} Kg7 {[%clk 00:01:56]}
{[%emt 00:00:05]} 37. Qg5+ {[%clk 00:03:42]} {[%emt 00:00:09]} Kf8 {[%clk
00:02:12]} {[%emt 00:00:14]} 1/2-1/2

[Event "Latvian Teams Chess Championship Higher League 2019"]
[Site "Riga Chess School, 10 Pernavas Street, Riga, Latvia"]
[Date "2019.06.08"]
[Round "4.11"]
[White "Kengis, Edvins"]
[Black "Antoms, Guntars"]
[Result "1-0"]
[TimeControl "Standard: 90 minutes with 30 second increment from move 1"]
[WhiteTitle "GM"]
[BlackTitle "IM"]
[WhiteFideId "11600039"]
[BlackFideId "11601469"]
[WhiteElo "2534"]
[BlackElo "2332"]

1. Nf3 {[%clk 01:30:55]} {[%emt 00:00:02]} d5 {[%clk 01:29:52]} {[%emt
00:01:09]} 2. d4 {[%clk 01:29:44]} {[%emt 00:01:40]} Nc6 {[%clk 01:29:41]}
{[%emt 00:00:41]} 3. g3 {[%clk 01:29:39]} {[%emt 00:00:34]} Bg4 {[%clk
01:29:01]} {[%emt 00:01:11]} 4. Bg2 {[%clk 01:29:49]} {[%emt 00:00:20]} Nf6
{[%clk 01:27:08]} {[%emt 00:02:23]} 5. Ne5 {[%clk 01:28:30]} {[%emt 00:01:49]}
Bd7 {[%clk 01:24:12]} {[%emt 00:03:26]} 6. c4 {[%clk 01:20:22]} {[%emt
00:11:21]} dxc4 {[%clk 01:23:58]} {[%emt 00:00:45]} 7. Nc3 {[%clk 01:20:45]}
{[%emt 00:00:06]} e6 {[%clk 01:19:47]} {[%emt 00:04:41]} 8. Nxc4 {[%clk
01:19:20]} {[%emt 00:01:55]} Rb8 {[%clk 01:16:37]} {[%emt 00:03:41]} 9. O-O
{[%clk 01:17:07]} {[%emt 00:02:42]} b5 {[%clk 01:15:32]} {[%emt 00:01:36]} 10.
Ne5 {[%clk 01:16:10]} {[%emt 00:01:26]} Nxe5 {[%clk 01:15:20]} {[%emt
00:00:42]} 11. dxe5 {[%clk 01:16:33]} {[%emt 00:00:07]} Ng4 {[%clk 01:15:35]}
{[%emt 00:00:16]} 12. Qd4 {[%clk 01:14:56]} {[%emt 00:02:05]} h5 {[%clk
01:14:38]} {[%emt 00:01:28]} 13. h3 {[%clk 01:13:53]} {[%emt 00:01:33]} Nh6
{[%clk 01:09:05]} {[%emt 00:06:03]} 14. Bxh6 {[%clk 01:14:02]} {[%emt
00:00:21]} c5 {[%clk 01:07:43]} {[%emt 00:01:53]} 15. Qe4 {[%clk 01:09:17]}
{[%emt 00:05:13]} Rxh6 {[%clk 01:07:14]} {[%emt 00:01:00]} 16. Rad1 {[%clk
01:09:42]} {[%emt 00:00:04]} f5 {[%clk 00:57:31]} {[%emt 00:10:14]} 17. exf6
{[%clk 01:09:09]} {[%emt 00:01:03]} Rxf6 {[%clk 00:56:25]} {[%emt 00:01:37]} 18.
Rd2 {[%clk 01:04:20]} {[%emt 00:05:17]} b4 {[%clk 00:45:53]} {[%emt 00:11:03]}
19. Nd5 {[%clk 01:04:17]} {[%emt 00:00:33]} Rh6 {[%clk 00:38:26]} {[%emt
00:07:57]} 20. Rfd1 {[%clk 01:02:14]} {[%emt 00:02:32]} Rc8 {[%clk 00:31:24]}
{[%emt 00:07:33]} 21. Nf4 {[%clk 00:58:06]} {[%emt 00:04:38]} Rc7 {[%clk
00:31:05]} {[%emt 00:00:50]} 22. Nxe6 {[%clk 00:53:59]} {[%emt 00:04:36]} Rxe6
{[%clk 00:29:49]} {[%emt 00:01:46]} 23. Qxe6+ {[%clk 00:54:19]} {[%emt
00:00:10]} Bxe6 {[%clk 00:30:13]} {[%emt 00:00:07]} 24. Rxd8+ {[%clk 00:54:43]}
{[%emt 00:00:06]} Ke7 {[%clk 00:26:37]} {[%emt 00:04:06]} 25. Ra8 {[%clk
00:54:10]} {[%emt 00:01:02]} g5 {[%clk 00:25:34]} {[%emt 00:01:33]} 26. b3
{[%clk 00:47:33]} {[%emt 00:07:08]} Bg7 {[%clk 00:22:39]} {[%emt 00:03:25]} 27.
Bd5 {[%clk 00:47:43]} {[%emt 00:00:19]} Rd7 {[%clk 00:21:31]} {[%emt 00:01:38]}
28. e4 {[%clk 00:48:08]} {[%emt 00:00:04]} Bxh3 {[%clk 00:21:44]} {[%emt
00:00:18]} 29. Rg8 {[%clk 00:48:23]} {[%emt 00:00:15]} Bf6 {[%clk 00:17:47]}
{[%emt 00:04:27]} 30. Rc1 {[%clk 00:45:34]} {[%emt 00:03:18]} h4 {[%clk
00:12:14]} {[%emt 00:06:04]} 31. gxh4 {[%clk 00:45:20]} {[%emt 00:00:44]} g4
{[%clk 00:10:34]} {[%emt 00:02:10]} 32. Rxc5 {[%clk 00:45:22]} {[%emt
00:00:28]} a5 {[%clk 00:08:16]} {[%emt 00:02:48]} 33. Rc6 {[%clk 00:45:38]}
{[%emt 00:00:14]} Bxh4 {[%clk 00:08:26]} {[%emt 00:00:21]} 34. Re6+ {[%clk
00:43:16]} {[%emt 00:02:51]} Kf7 {[%clk 00:08:53]} {[%emt 00:00:03]} 35. Reg6+
{[%clk 00:43:42]} {[%emt 00:00:04]} Ke7 {[%clk 00:09:03]} {[%emt 00:00:20]} 36.
Rh8 {[%emt 00:01:10]} 1-0

[Event "Latvian Teams Chess Championship Higher League 2019"]
[Site "Riga Chess School, 10 Pernavas Street, Riga, Latvia"]
[Date "2019.06.08"]
[Round "4.12"]
[White "Saulespurens, Valdis"]
[Black "Mustaps, Matiss"]
[Result "0-1"]
[TimeControl "Standard: 90 minutes with 30 second increment from move 1"]
[WhiteTitle "FM"]
[BlackTitle "FM"]
[WhiteFideId "2010623"]
[BlackFideId "11602295"]
[WhiteElo "2282"]
[BlackElo "2385"]

1. e4 {[%clk 01:30:57]} {[%emt 00:00:01]} c5 {[%clk 01:30:38]} {[%emt
00:00:24]} 2. Nf3 {[%clk 01:31:22]} {[%emt 00:00:06]} d6 {[%clk 01:31:03]}
{[%emt 00:00:04]} 3. d4 {[%clk 01:31:45]} {[%emt 00:00:06]} cxd4 {[%clk
01:31:29]} {[%emt 00:00:05]} 4. Nxd4 {[%clk 01:32:10]} {[%emt 00:00:03]} Nf6
{[%clk 01:31:58]} {[%emt 00:00:03]} 5. Nc3 {[%clk 01:32:37]} {[%emt 00:00:03]}
g6 {[%clk 01:32:25]} {[%emt 00:00:05]} 6. Be3 {[%clk 01:32:49]} {[%emt
00:00:15]} Bg7 {[%clk 01:32:51]} {[%emt 00:00:06]} 7. f3 {[%clk 01:32:41]}
{[%emt 00:00:36]} O-O {[%clk 01:33:16]} {[%emt 00:00:05]} 8. Qd2 {[%clk
01:32:48]} {[%emt 00:00:22]} Nc6 {[%clk 01:33:41]} {[%emt 00:00:06]} 9. O-O-O
{[%clk 01:28:55]} {[%emt 00:04:23]} d5 {[%clk 01:32:31]} {[%emt 00:01:40]} 10.
Qe1 {[%clk 01:26:34]} {[%emt 00:02:51]} e5 {[%clk 01:32:19]} {[%emt 00:00:42]}
11. Nxc6 {[%clk 01:26:57]} {[%emt 00:00:07]} bxc6 {[%clk 01:32:44]} {[%emt
00:00:05]} 12. Bc4 {[%clk 01:27:20]} {[%emt 00:00:07]} d4 {[%clk 01:30:16]}
{[%emt 00:02:58]} 13. Bg5 {[%clk 01:27:07]} {[%emt 00:00:42]} Qe7 {[%clk
01:25:49]} {[%emt 00:07:41]} 14. Na4 {[%clk 01:26:29]} {[%emt 00:01:07]} Be6
{[%clk 01:25:56]} {[%emt 00:00:24]} 15. Bxe6 {[%clk 01:21:47]} {[%emt
00:05:13]} Qxe6 {[%clk 01:26:11]} {[%emt 00:00:14]} 16. b3 {[%clk 01:21:57]}
{[%emt 00:00:20]} Nd7 {[%clk 01:26:14]} {[%emt 00:00:27]} 17. h4 {[%clk
01:21:42]} {[%emt 00:00:46]} h6 {[%clk 01:26:05]} {[%emt 00:00:38]} 18. Bd2
{[%clk 01:22:06]} {[%emt 00:00:06]} c5 {[%clk 01:25:48]} {[%emt 00:00:47]} 19.
c4 {[%clk 01:21:59]} {[%emt 00:00:37]} dxc3 {[%clk 01:22:27]} {[%emt 00:03:51]}
20. Bxc3 {[%clk 01:21:48]} {[%emt 00:00:41]} c4 {[%clk 01:22:38]} {[%emt
00:00:20]} 21. b4 {[%clk 01:21:09]} {[%emt 00:01:08]} Qc6 {[%clk 01:22:46]}
{[%emt 00:00:22]} 22. Nb2 {[%clk 01:21:16]} {[%emt 00:00:23]} a5 {[%clk
01:23:13]} {[%emt 00:00:04]} 23. bxa5 {[%clk 01:20:46]} {[%emt 00:01:00]} Nc5
{[%clk 01:22:23]} {[%emt 00:01:19]} 24. Rd5 {[%clk 01:20:13]} {[%emt 00:01:03]}
Rfb8 {[%clk 01:21:48]} {[%emt 00:01:05]} 25. Qd2 {[%clk 01:17:12]} {[%emt
00:03:30]} h5 {[%clk 01:13:16]} {[%emt 00:09:03]} 26. Kc2 {[%clk 01:15:03]}
{[%emt 00:02:38]} Na4 {[%clk 01:11:43]} {[%emt 00:02:04]} 27. Rb1 {[%clk
01:11:37]} {[%emt 00:03:55]} Bf8 {[%clk 01:03:18]} {[%emt 00:08:56]} 28. g4
{[%clk 01:08:03]} {[%emt 00:04:03]} hxg4 {[%clk 00:50:32]} {[%emt 00:13:17]} 29.
fxg4 {[%clk 01:06:39]} {[%emt 00:01:54]} Nxc3 {[%clk 00:46:05]} {[%emt
00:04:57]} 30. Qxc3 {[%clk 01:06:19]} {[%emt 00:00:50]} Bb4 {[%clk 00:46:30]}
{[%emt 00:00:05]} 31. Qxc4 {[%clk 01:02:43]} {[%emt 00:04:07]} Qe6 {[%clk
00:46:47]} {[%emt 00:00:11]} 32. Nd3 {[%clk 00:56:08]} {[%emt 00:07:06]} Rc8
{[%clk 00:46:20]} {[%emt 00:00:57]} 33. Rxb4 {[%clk 00:56:34]} {[%emt
00:00:04]} Rxc4+ {[%clk 00:46:34]} {[%emt 00:00:17]} 34. Rxc4 {[%clk 00:57:02]}
{[%emt 00:00:01]} Rxa5 {[%clk 00:36:00]} {[%emt 00:11:04]} 35. Nb4 {[%clk
00:57:17]} {[%emt 00:00:15]} Ra8 {[%clk 00:34:03]} {[%emt 00:02:27]} 36. h5
{[%clk 00:56:41]} {[%emt 00:01:06]} g5 {[%clk 00:32:53]} {[%emt 00:01:41]} 37.
Kb3 {[%clk 00:53:23]} {[%emt 00:03:47]} Qxg4 {[%clk 00:32:52]} {[%emt
00:00:32]} 38. a4 {[%clk 00:53:47]} {[%emt 00:00:05]} Qf3+ {[%clk 00:30:47]}
{[%emt 00:02:35]} 39. Rd3 {[%clk 00:49:33]} {[%emt 00:04:44]} Qxh5 {[%clk
00:31:00]} {[%emt 00:00:17]} 40. Nc6 {[%clk 00:49:57]} {[%emt 00:00:06]} Qe2
{[%clk 00:30:40]} {[%emt 00:00:49]} 41. Rg3 {[%clk 00:49:19]} {[%emt 00:01:09]}
Qd1+ {[%clk 00:29:39]} {[%emt 00:01:31]} 42. Kb2 {[%clk 00:48:50]} {[%emt
00:00:53]} Rxa4 {[%clk 00:22:47]} {[%emt 00:07:28]} 43. Rxa4 {[%clk 00:47:46]}
{[%emt 00:01:33]} Qxa4 {[%clk 00:23:10]} {[%emt 00:00:08]} 44. Rxg5+ {[%clk
00:48:09]} {[%emt 00:00:07]} Kh7 {[%clk 00:23:26]} {[%emt 00:00:14]} 45. Nxe5
{[%clk 00:48:08]} {[%emt 00:00:31]} Qb5+ {[%clk 00:21:35]} {[%emt 00:02:20]} 46.
Kc3 {[%clk 00:47:31]} {[%emt 00:01:08]} Qc5+ {[%clk 00:21:52]} {[%emt
00:00:13]} 47. Kd3 {[%clk 00:47:42]} {[%emt 00:00:19]} f6 {[%clk 00:21:56]}
{[%emt 00:00:26]} 48. Rh5+ {[%clk 00:47:44]} {[%emt 00:00:28]} Kg7 {[%clk
00:22:22]} {[%emt 00:00:04]} 49. Rh4 {[%clk 00:46:50]} {[%emt 00:01:24]} fxe5
{[%clk 00:22:43]} {[%emt 00:00:09]} 50. Ke2 {[%clk 00:47:09]} {[%emt 00:00:12]}
Kf6 {[%clk 00:22:55]} {[%emt 00:00:17]} 51. Kf3 {[%clk 00:46:01]} {[%emt
00:01:38]} Qc3+ {[%clk 00:23:20]} {[%emt 00:00:04]} 52. Kg4 {[%clk 00:46:22]}
{[%emt 00:00:09]} Qe3 {[%clk 00:23:43]} {[%emt 00:00:07]} 0-1